| 000 | 00605nam a22001937a 4500 | ||
|---|---|---|---|
| 008 | 130821s1939 xxu gr eng | ||
| 040 |
_aCo-BoUCM _bspa |
||
| 041 | 0 | 0 | _aeng |
| 100 |
_aSutton, Margaret _9109992 |
||
| 245 | 0 | 4 |
_aThe midnigt visitor _cBy Margaret Sutton |
| 260 |
_aNueva York (Estados Unidos) _bGrosset Dunlap _c1939 |
||
| 300 | _a249 páginas | ||
| 490 | _aA Judy Bolton Mystery | ||
| 500 | _aIncluye índice | ||
| 650 | 0 | 4 |
_aLiteratura inglesa _9272 |
| 650 | 0 | 4 |
_aNovela inglesa _920530 |
| 942 |
_cLIBRO _a18 _e1 _mS87M _n0 _2DEWEY _h823 |
||
| 999 |
_c86877 _d86877 |
||